|
|
|
|
| LEADER |
00737nab a2200181 i 4500 |
| 001 |
misc7286 |
| 005 |
20191106144233.0 |
| 008 |
170607s1897 hu o 0|| hun d |
| 022 |
|
|
|a 0025-0260
|
| 040 |
|
|
|a SZTE Miscellanea Repozitórium
|b hun
|
| 041 |
|
|
|a hun
|
| 100 |
1 |
|
|a Szepesi János
|
| 245 |
1 |
3 |
|a Az állami felsőbb reáliskolák felügyelete
|h [elektronikus dokumentum] :
|b befejező közlemény /
|c Szepesi János
|
| 260 |
|
|
|c 1897
|
| 300 |
|
|
|a 229-239
|
| 490 |
0 |
|
|a Magyar pedagógia : a Magyar Tudományos Akadémia Pedagógiai Bizottságának folyóirata
|v 6
|
| 695 |
|
|
|a Nőoktatás (leányiskola) középfokú 1897, Leányiskolák felügyelete
|
| 856 |
4 |
0 |
|u http://misc.bibl.u-szeged.hu/7286/1/mp_1897_0440_229-239.pdf
|z Dokumentum-elérés
|